Movies Quiz

Random Movies or Disney Quiz

Disney By ANY Word Quiz Stats

 Plays Quiz Updated Jun 28, 2017

Also try: One Word Disney
Challenge
Share
Tweet
Embed
Score 0/56 Timer 04:00
4 Plays Today
Year Movie % Correct
1937Snow White and the Seven Dwarfs
97.7%
1991Beauty and the Beast
94.9%
1989The Little Mermaid
93.3%
1994The Lion King
92.4%
2009The Princess and the Frog
91.5%
1967The Jungle Book
89.2%
1955Lady and the Tramp
88.7%
1981The Fox and the Hound
88.5%
1963The Sword in the Stone
87.4%
1970The Aristocats
86.9%
1990The Rescuers Down Under
86.7%
1996The Hunchback of Notre Dame
86.7%
1977The Rescuers
86.4%
1986The Great Mouse Detective
86%
1977The Many Adventures of Winnie the Pooh
85.8%
2011Winnie the Pooh
85.3%
1985The Black Cauldron
85.1%
1949The Adventures of Ichabod and Mr. Toad
84.8%
2000The Emperor's New Groove
84.7%
1945The Three Caballeros
84.6%
2001Atlantis: The Lost Empire
84.2%
2004Home on the Range
84.1%
2007Meet the Robinsons
83.3%
1961One Hundred and One Dalmatians
78.9%
1950Cinderella
78.9%
2013Frozen
76.7%
1959Sleeping Beauty
74.7%
2002Lilo & Stitch
72.3%
Year Movie % Correct
1988Oliver & Company
72.2%
1947Fun and Fancy Free
70.3%
1992Aladdin
61%
1999Fantasia 2000
59.2%
1940Fantasia
59%
1998Mulan
57.2%
2010Tangled
56.1%
2016Moana
55.3%
1951Alice in Wonderland
54%
1995Pocahontas
51.5%
1940Pinocchio
45.2%
1941Dumbo
45.2%
2005Chicken Little
44.9%
2016Zootopia
42.9%
1942Bambi
42.4%
1997Hercules
37.7%
1953Peter Pan
36.7%
2014Big Hero 6
36.2%
1999Tarzan
34.9%
1973Robin Hood
32.1%
2012Wreck-It Ralph
32%
2008Bolt
21.5%
2003Brother Bear
20.9%
2002Treasure Planet
18.8%
1946Make Mine Music
16.9%
2000Dinosaur
14.8%
1948Melody Time
14%
1943Saludos Amigos
13.8%

You're not logged in!

Compare scores with friends on all Sporcle quizzes.
Join for Free
OR
Log In

You Might Also Like...

Show Comments

Extras

Top Quizzes Today


Score Distribution

Your Account Isn't Verified!

In order to create a playlist on Sporcle, you need to verify the email address you used during registration. Go to your Sporcle Settings to finish the process.

Report this User

Report this user for behavior that violates our Community Guidelines.

Details: